All Azealia Banks Songs (October 2023) - Statistics

General Stats
  • This quiz has been taken 3 times
  • The average score is 9 of 92
Answer Stats
Year Song % Correct
2011 212 (feat. Lazy Jay)
100%
212 (feat. Lazy Jay)
100%
2012 1991
67%
Anna Wintour
67%
Count Contessa
67%
Liquorice
67%
Luxury
67%
Luxury
67%
Miss Camaraderie
67%
2023 New Bottega (with Torren Foot)
67%
2016 The Big Big Beat
67%
Along the Coast
33%
Desperado
33%
Heavy Metal and Reflective
33%
Soda
33%
1-800-Nu-Checks
0%
96’ COROLLA (MOTORMAN)
0%
Aquababe
0%
Atlantis
0%
Azealia Skit
0%
2019 BACK FROM HELL (TURN IT UP)
0%
BBD
0%
Bieber (with Twanup, Blasco Says & A$AP Rocky)
0%
Big Talk (feat. Rick Ross)
0%
BONE COLLECTOR
0%
Botox (with ïago)
0%
Can't Do It Like Me
0%
2010 Can't Stop Now - Remix (with Major Lazer, Mr. Vegas, Jovi Rockwell & KLAM)
0%
CENTELLA (MY HONEYMOON)
0%
Chasing Time
0%
Chi Chi
0%
Chips
0%
Crown
0%
DEXEDRINE
0%
DILEMMA
0%
Escapades
0%
Esta Noche
0%
Everyday (with Elliphant)
0%
EVIL LIKE ME
0%
Fantasea
0%
Fierce
0%
Fuck Him All Night
0%
Fuck up the Fun
0%
Gimme a Chance
0%
Have Yourself A Merry Little Christmas
0%
Hypnotic - Remix (with Paul Oakenfold, Velvet Cash, Benny Benassi & BB Team)
0%
Ice Princess
0%
2018 Icy Colors Change
0%
2014 Idle Delilah
0%
II. Earth: The Oldest Computer (The Last Night) (with Childish Gambino)
0%
Ima Read
0%
I'm That... - Remix (with R. City & Beenie Man)
0%
JFK (feat. Theophilus London)
0%
الجهادي (JIHADI)
0%
Jumanji
0%
Kill Switch (with THE REAL YUNG HONCHO)
0%
L8r
0%
Mamma Mia
0%
Miss Amor
0%
Movin' On Up (Coco's Song, Love Beats Rhymes)
0%
Nathan (feat. Styles P)
0%
Neptune (feat. Shystie)
0%
NEW VICTIM
0%
Nirvana
0%
No Problems
0%
Nude Beach a-Go-Go
0%
Out of Space
0%
Paradiso
0%
Pyrex Princess
0%
Queen of Clubs
0%
QUEEN OF THE DAMNED
0%
RAPUNXEL’S INFERNO
0%
2017 Riot (feat. Nina Sky)
0%
Runnin'
0%
SAINT KEITH
0%
2020 Salchicon
0%
Salute
0%
Six Flags (feat. Slim Dollars)
0%
Skylar Diggins
0%
Slow Hands
0%
2022 Surprise Me (with Mallrat)
0%
2021 Tarantula
0%
2015 The Kids Aren't Alright - Remix (with Fall Out Boy & Kenneth Smith)
0%
Treasure Island
0%
Us
0%
Used to Being Alone
0%
Van Vogue
0%
Wallace
0%
What Are You Doing On New Year's Eve
0%
Wings of a Butterfly
0%
Wut U Do - Remix (with Newbody)
0%
2013 Yung Rapunzel
0%
No matching quizzes found
Score Distribution
Percent of People with Each Score
Percentile by Number Answered
Your Score History
You have not taken this quiz